Statistiques concernant Les plus grands pays sans montagnes

Cliquez ici pour prendre le quiz!

Statistiques générales

  • Ce quiz a été pris 229 fois
  • Le résultat moyen est 4 sur 10

Statistiques - réponses

Km2Pays% Correct
41,526Pays-bas
78%
43,098Danemark
54%
45,339Estonie
53%
64,589Lettonie
46%
65,201Lituanie
44%
207,600Biélorussie
34%
33,843Moldavie
23%
36,120Guinée-Bissau
15%
17,820Koweït
12%
11,300Gambie
10%

Distribution des résultats

Percentile par nombre de réponses

% des personnes avec chaque résultat

Votre développement - résultats

Vous n’avez pas pris ce quiz